Score 0/16 Timer 05:00
0 Plays Today
% Correct
George Washington
97.3%
Barack Obama
97%
Alabama
87.6%
Hawaii
84.9%
John Adams
84.9%
Wyoming
82.6%
Zimbabwe
74.6%
Delaware
71.6%
% Correct
Woodrow Wilson
68.9%
Atari
67.9%
Harry Potter and the philosopher's stone
62.9%
Afghanistan
52.5%
Harry Potter and the Deathly Hallows
50.5%
Xbox 360
40.8%
PSP Go
3%
Amiga CD32
-0.3%

You're not logged in!

Compare scores with friends on all Sporcle quizzes.
OR
Log In

Sporcle TV

Today on Sporcle TV


Watch our educational content, quiz creation guides, and fun videos on Sporcle TV.

Show Comments

Extras

Created Sep 30, 2009ReportNominate
Tags:last

Top Quizzes Today


Score Distribution

Paid Content

Your Account Isn't Verified!

In order to create a playlist on Sporcle, you need to verify the email address you used during registration. Go to your Sporcle Settings to finish the process.

Report this User

Report this user for behavior that violates our Community Guidelines.

Details: